Normal view
MARC view
- PRODUCTION MANAGEMENT; COSTS, INDUSTRIAL; PRODUCTION MANAGEMENT-CASE STUDIES
Entry Topical Term
001 - CONTROL NUMBER
- control field: 59339
003 - CONTROL NUMBER IDENTIFIER
- control field: NUST
005 - DATE AND TIME OF LATEST TRANSACTION
- control field: 20210628202325.0
008 - FIXED-LENGTH DATA ELEMENTS
- fixed length control field: 210628|| aca||aabn | a|a d
040 ## - CATALOGING SOURCE
- Original cataloging agency: NUST
- Transcribing agency: NUST
150 ## - HEADING--TOPICAL TERM
- Topical term or geographic name entry element: PRODUCTION MANAGEMENT; COSTS, INDUSTRIAL; PRODUCTION MANAGEMENT-CASE STUDIES
670 ## - SOURCE DATA FOUND
- Source citation: Work cat.: (NUST): Knk Feld, William.M 59338, Lean manufacturing, tools,techniques and how to use them, 2001
